Science Quiz

Random Science or Animal Quiz

Mammal by Necktie Quiz Stats

 Plays Quiz Updated Jun 12, 2017

Support Sporcle.
Go Orange.
Score 0/27 Timer 05:00
6 Plays Today
% Correct
Zebra
98.1%
Lion
98%
Panda
97.3%
Pig
95.8%
Polar bear
95.6%
Horse
95.6%
Lab
95.4%
Giraffe
95.2%
Cow
95%
Grizzly
95%
Arctic wolf
94.9%
Gorilla
94.7%
Koala
94.4%
Rhino
93.9%
% Correct
Cheetah
93.7%
Orca
93.6%
Tabby
93.3%
Dalmatian
93.3%
Bison
93.2%
Kangaroo
92.9%
Moose
92.8%
Dolphin
92.6%
Manatee
92.3%
Elephant
92.3%
Bighorn sheep
91.5%
Lynx
90.6%
Tiger
88.2%

You're not logged in!

Compare scores with friends on all Sporcle quizzes.
OR
Log In
Forgot?

From the Vault

4-Letter Missing Letter Match-Up

by puckett86

At least they're in good company until someone returns their letters.
Remove Ads.
Support Sporcle.
Get the best of Sporcle when you Go Orange. This ad-free experience offers more features, more stats, and more fun while also helping to support Sporcle. Thank you for becoming a member.

Show Comments

Extras

Top Quizzes Today


Score Distribution

Your Account Isn't Verified!

In order to create a playlist on Sporcle, you need to verify the email address you used during registration. Go to your Sporcle Settings to finish the process.

Report this User

Report this user for behavior that violates our Community Guidelines.

Details: